LEADER 00825nam a2200217 i 4500 001 000000133995 003 CaOOAMICUS 005 20120924000000.0 008 120924s1964 it u000 u ita u 013 $a107062 040 $aSeMil$bita 100 1 $aLorit, Sergio C.$0(OLS)http://semarc/name/34577 245 10$aCharles De Foucauld :$bil deserto che chiama /$cSergio C. Lorit. 250 $a4.ed. 260 $aRoma :$bCittà Nuova,$c1964. 300 $a155 p. ;$c17cm. 650 4$aSpiritualità - Testi - Sec. 20.$0(OLS)http://semarc/subject/923 850 $aSeMil 852 $aSeMil$W1$xVenegono$y1$m3F I 670$j87778$B87778$CSeMilBibl$Z2$F179249 $81 996 $6245$aCharles De Foucauld :$bil deserto che chiama$9(OLS)http://semarc/title/196053 996 $6260$aRoma :$bCittà Nuova$9(OLS)http://semarc/publisher/29609 LEADER 01084nam a2200241 i 4500 001 000000140985 003 CaOOAMICUS 005 20050701000000.0 008 050701s2004 it u000 u ita u 013 $a115214 020 $a88-86719-41-8 040 $aSeMil$bita 245 10$aPrimavera liturgica pavese :$bl'azione pastorale di Virgilio Noè : 1953-1963 /$ca cura di Angelo Comini. 260 $a[Pavia] :$bSeminario Vescovile di Pavia,$c2004. 300 $a227 p. :$bill. ;$c24 cm. 650 4$aNoè, Virgilio - Pavia - Liturgia.$0(OLS)http://semarc/subject/27757 700 1 $aComini, Angelo.$0(OLS)http://semarc/name/20120 850 $aSeMil 852 $aSeMil$W1$xVenegono$y1$m3K III 53$j94257$B94257$CSeMilBibl$Z2$F99924 $81 961 $aOmaggio: Apeciti mons. Ennio 996 $6020$a88-86719-41-8$9(OLS)http://semarc/number/129150 996 $6245$aPrimavera liturgica pavese :$bl'azione pastorale di Virgilio Noè : 1953-1963$9(OLS)http://semarc/title/206014 996 $6260$a[Pavia] :$bSeminario Vescovile di Pavia$9(OLS)http://semarc/publisher/47349 LEADER 00632naa a2200145 i 4500 001 000000300682 003 CaOOAMICUS 005 20180831172707.0 008 180831n xx u000 u und u 013 $a8390 040 $aSeMil$bita 100 1 $aPerroud, Robert.$0(OLS)http://semarc/name/39389 245 10$aIntorno a Marinetti e al futurismo nel quadro del 1. Novecento. 773 0 $tCultura e società in Italia nel primo Novecento (1900-1915).$dMilano : Vita e Pensiero, 1984.$kScienze filologiche e letteratura$z8834304241$w()34787 996 $6245$aIntorno a Marinetti e al futurismo nel quadro del 1. Novecento$9(OLS)http://semarc/title/376696 LEADER 01634nam a2200313 i 4500 001 000000047824 003 CaOOAMICUS 005 20090422000000.0 008 090422s1992 it u000 u ita u 013 $a18994 020 $a888612208X 040 $aSeMil$bita 245 12$aL'umanista aronese Pietro Martire d'Anghiera :$bprimo storico del "Nuovo Mondo". 260 $aNovara :$bInterlinea,$ccopyr. 1992. 300 $a204 p. :$bill. ;$c24 cm. 490 0 $aStudi novaresi ;$v9 500 $aContiene : Bibliografia ; Appendice. - Sul verso dell'occhietto : Atti del Convegno, Arona, 28 ottobre 1990. - In mezzo al front : Edizione promossa dalla regione Piemonte. Novara 1992. Associazione di Storia della Chiesa Novarese. - Dono di mons. Antonio Rimoldi. 600 04$aAnghiera, Pietro Martire : d' <1457-1526>.$0(OLS)http://semarc/subject/10069 650 4$aAmerica - Scoperta.$0(OLS)http://semarc/subject/4051 700 1 $aCicala, Roberto,$d<1963- >.$0(OLS)http://semarc/name/75768 700 1 $aStoppa, Angelo Luigi,$d<1915-1998>.$0(OLS)http://semarc/name/2075 710 0 $aPiemonte .$0(OLS)http://semarc/name/12605 830 0$aStudi novaresi ;$v9.$0(OLS)http://semarc/title/24727 850 $aSeMil 852 $aSeMil$W1$xVenegono$y1$m3A V 177$j13979$B13979$CSeMilBibl$Z2$F13979 $81 961 $aOmaggio: Rimoldi mons. Antonio 996 $6020$a888612208X$9(OLS)http://semarc/number/20653 996 $6245$aL'umanista aronese Pietro Martire d'Anghiera :$bprimo storico del "Nuovo Mondo"$9(OLS)http://semarc/title/72202 996 $6260$aNovara :$bInterlinea$9(OLS)http://semarc/publisher/31908 LEADER 01182nam a2200253 i 4500 001 000000073489 003 CaOOAMICUS 005 20090706000000.0 008 090706s1934 it u000 u ita u 013 $a44661 040 $aSeMil$bita 100 1 $aRosmini, Antonio,$c.$0(OLS)http://semarc/name/405 245 10$aIntroduzione alla filosofia /$cAntonio Rosmini ; a cura di Ugo Redanò. 260 $aRoma :$bAnonima Romana Editoriale,$c1934. 300 $aXL, 402 p., [1] c. di tav. ;$c25 cm. 500 $aEsempl. n. 264 di 800 copie num. 700 1 $aRedanò, Ugo.$0(OLS)http://semarc/name/36343 773 0 $aRosmini, Antonio $tOpere edite e inedite di Antonio Rosmini Serbati.$dRoma : Anonima Romana Editoriale : [poi]... Milano ; Fratelli Bocca : [poi]... : Padova CEDAM, 1934-1977.$g2$w()767 850 $aSeMil 852 $aSeMil$W1$xVenegono$y1$m2QA A 2$j272435$B39641$CSeMilBibl$Z2$F39645 $81 900 1 $aRosmini Serbati, Antonio. 996 $6245$aIntroduzione alla filosofia$9(OLS)http://semarc/title/49165 996 $6260$aRoma :$bAnonima Romana Editoriale$9(OLS)http://semarc/publisher/35561